000 00486nam a2200169Ia 4500
008 100122s9999 xx 000 0 und d
082 _b26570
_a301
100 _aKARNAD SUNANDA
245 _aINTRODUCTORY SOCIOLOGY
260 _bSHETH
_c1977
300 _a212
520 _aSOCIOLOGYमाळयाचर गठ्ठा- 4
620 _aSOCIOLOGYमाळयाचर गठ्ठा- 4
630 _aINTRODUCTORY SOCIOLOGY
730 _aINTRODUCTORY SOCIOLOGY
942 _cBOOK
999 _c368203
_d368200